zpět

Detail výsledku týmu

Bounty Rock Cafe, Olomouc

Datum a čas kvízu

20.5 Celkem bodů Celkový počet nahraných bodů na tomto kvízu bez doplňovacích otázek.
11. Pořadí na kvízu Konečné umístění týmu na tomto kvízu.

Zaznamenané odpovědi

# Otázka Odpověď Body Výsledky
1. V rámci zavádění Plánu udržite... Na Vozovce 0
2. Jedna z evropských zemí si min... ve Švédsku 1
3. Oblíbený animovaný seriál půvo... Jen počkej, zajíci! 1
4. Premiér v demisi Andrej Babiš... horu Říp 1
5. Charitativní utkání mezi výběr... Ciro Immobile 0
6. Vítězné téma facebookového hla... Dařbuján a Pandrhola 0
7. Další otázka se bude týkat zná... Hannibal Lecter 0
8. V roce 2000 se režisér F. A. B... 1B 2D 3A 4C 1
9. „Jedno vám teda povim bejt idi... Forrest Gump 0
10. Podle knih Stephena Kinga byly... 1D 2C 3B 4A 0